00881nam a22002057a 4500003000900000008004100009020001500050040007100065082001800136100002500154245010800179260003300287300002800320505020700348650001500555650002100570650001800591700002800609700003800637AR-CdUCM190226b ||||| |||| 00| 0 spa d a9501254046 aMUNICIPALIDAD PROVINCIAL DEL CUSCOcBIBLIOTECA MUNICIPAL DEL CUSCO a321.4 / bO21 aO'Donnell, Guillermo aTransiciones desde un gobierno autoritario :bConclusiones tentativas sobre las democracias inciertas / aArgentina :bPaidós,c1988 a127 páginas ;c22 cm. aNegociación (y renegociación) de pactos -- Resurrección de la sociedad civil (y reestructuración del espacio publico) -- Convocatoria a elecciones (e incitación a los partidos políticos) ... aDemocracia aAmérica Latina aAutoritarismo aSchmitter, Philippe C. aLowenthal, Abraham F. (prólogo)